000 00325nam a22001457a 4500
008 230317b ||||| |||| 00| 0 eng d
020 _a0443089434
041 _aeng
080 _a615.53
082 _a615.53LON
100 _a14
101 _aPEDIA
245 _aPEDIATRIC INFECTIOUS DISEASES
_cLONG.S.S
942 _2udc
_cBK
999 _c59372
_d59372